Dissection of the Human Body:designed for restructured medical curriculum (Record no. 6258)

MARC details
000 -LEADER
fixed length control field 00594nam a22002057a 4500
003 - CONTROL NUMBER IDENTIFIER
control field OSt
005 - DATE AND TIME OF LATEST TRANSACTION
control field 20190828092049.0
008 - FIXED-LENGTH DATA ELEMENTS--GENERAL INFORMATION
fixed length control field 190828b ||||| |||| 00| 0 eng d
020 ## - INTERNATIONAL STANDARD BOOK NUMBER
International Standard Book Number 9789350903025
040 ## - CATALOGING SOURCE
Transcribing agency DNLM
082 ## - DEWEY DECIMAL CLASSIFICATION NUMBER
Classification number QS130 K89d 2013
100 ## - MAIN ENTRY--PERSONAL NAME
Personal name Krishnamurti, A.; Gunasegaran, J.P.
9 (RLIN) 12869
245 ## - TITLE STATEMENT
Title Dissection of the Human Body:designed for restructured medical curriculum
260 ## - PUBLICATION, DISTRIBUTION, ETC. (IMPRINT)
Place of publication, distribution, etc. New Delhi;
Name of publisher, distributor, etc. Jaypee,
Date of publication, distribution, etc. 2013
300 ## - PHYSICAL DESCRIPTION
Extent xxvi,343p;
Other physical details col.ill:
Dimensions 27cm
504 ## - BIBLIOGRAPHY, ETC. NOTE
Bibliography, etc Index included
650 ## - SUBJECT ADDED ENTRY--TOPICAL TERM
Topical term or geographic name as entry element Dissectional anatomy
9 (RLIN) 12870
650 ## - SUBJECT ADDED ENTRY--TOPICAL TERM
Source of heading or term Human body
942 ## - ADDED ENTRY ELEMENTS (KOHA)
Source of classification or shelving scheme Other/Generic Classification Scheme
Koha item type Book
Holdings
Withdrawn status Lost status Source of classification or shelving scheme Damaged status Not for loan Home library Current library Date acquired Source of acquisition Inventory number Total Checkouts Full call number Barcode Date last seen Koha item type Date last checked out Price effective from
    Other/Generic Classification Scheme     MUST Main Library MUST Main Library 28/08/2019 Purchase 19/40960 1 QS130 K89d 2013 2019-0245 06/12/2019 Book Bank 28/08/2019  
    Other/Generic Classification Scheme     MUST Main Library MUST Main Library 28/08/2019 Purchase 19/40961   QS130 K89d 2013 2019-0246 28/08/2019 Book Bank    
    Other/Generic Classification Scheme     MUST Main Library MUST Main Library 18/05/2021 Purchase 21/41460   QS130 K89d 2013 2021-0552 18/05/2021 Book   18/05/2021
    Other/Generic Classification Scheme     MUST Main Library MUST Main Library 19/05/2021 Purchase 21/ 41461   QS130 K89d 2013 2021-0578 19/05/2021 Book   19/05/2021
    Other/Generic Classification Scheme     Main Kihumuro Campus Main Kihumuro Campus 28/08/2019 Purchase 19/40959   QS130 K89d 2013 2019-0244 28/08/2019 Book Bank    
    Other/Generic Classification Scheme     Main Kihumuro Campus Main Kihumuro Campus 28/08/2019 Purchase 19/40962   QS130 K89d 2013 2019-0247 28/08/2019 Book Bank